| 000 | 01062pam a2200313 a 4500 | ||
|---|---|---|---|
| 001 | 2504768 | ||
| 003 | ARRUPE | ||
| 005 | 20150529105913.0 | ||
| 008 | 920630s1992 mau b 001 0 eng | ||
| 010 | _a 92026141 | ||
| 020 |
_a0395631254 : _c$10.95 |
||
| 040 |
_aDLC _cDLC _dDLC |
||
| 043 | _an-us--- | ||
| 050 | 0 | 0 |
_aHM291 _b.K634 1992 |
| 082 | 0 | 0 |
_a302/.14 _220 |
| 100 | 1 |
_aKohn, Alfie. _917732 |
|
| 245 | 1 | 0 |
_aNo contest : _bthe case against competition / _cAlfie Kohn. |
| 250 | _aRev. ed. | ||
| 260 |
_aBoston : _bHoughton Mifflin, _cc1992. |
||
| 300 |
_aix, 324 p. ; _c21 cm. |
||
| 504 | _aIncludes bibliographical references (p. 289-314) and index. | ||
| 650 | 0 |
_aCompetition (Psychology) _917733 |
|
| 650 | 0 |
_aCooperativeness. _917734 |
|
| 650 | 0 |
_aAggressiveness. _917735 |
|
| 650 | 0 |
_aSocial interaction _zUnited States. _917736 |
|
| 906 |
_a7 _bcbc _corignew _d1 _eocip _f19 _gy-gencatlg |
||
| 942 |
_2lcc _cMONOGRAPH |
||
| 999 |
_c122818 _d122818 |
||